Plus grandes villes du monde bordant une mer ou un océan - Statistiques

Statistiques générales
  • Ce quiz a été pris 312 fois
    176 depuis la dernière actualisation
  • Le résultat moyen est 16 sur 30
Statistiques - réponses
Population Ville % Correct
23,000,000 New York
95%
40,400,000 Tokyo
95%
17,700,000 Los Angeles
91%
13,200,000 Rio de Janeiro
88%
33,600,000 Shanghai
82%
31,300,000 Jakarta
76%
25,100,000 Bombay
67%
16,000,000 Istanbul
65%
46,700,000 Canton
63%
24,800,000 Séoul
63%
16,400,000 Buenos Aires
62%
25,700,000 Manille
61%
18,800,000 Bangkok
60%
7,500,000 Hong Kong
60%
7,900,000 Singapour
58%
19,400,000 Lagos
55%
7,850,000 San Francisco
53%
17,700,000 Osaka
50%
10,100,000 Lima
45%
17,900,000 Karachi
43%
8,900,000 Kuala Lumpur
43%
9,150,000 Taipei
43%
7,750,000 Boston
40%
8,600,000 Hô-Chi-Minh-Ville
34%
10,500,000 Nagoya
28%
8,150,000 Luanda
23%
12,700,000 Tianjin
23%
11,300,000 Chennai
22%
10,000,000 Xiamen
11%
7,650,000 Shantou
3%
Aucun quiz correspondant
Distribution des résultats
% des personnes avec chaque résultat
Percentile par nombre de réponses
Votre historique - résultats
Vous n’avez pas pris ce quiz depuis la dernière actualisation